[Event "It (open)"]
[Site "masterchessopen.com – Pardubice (Czech Republic)"]
[Round "8"]
[White "Kotan Ladislav (SVK)"]
[Black "Alienkin Aleksander (RUS)"]
[Result "0-1"]
[WhiteElo "2275"]
[BlackElo "2365"]

1.e4 e6 2.d4 d5 3.Nd2 a6 4.c3 c5 5.dxc5 Bxc5 6.Bd3 Nc6 7.Ngf3 Nf6 8.Qe2 Ba7
9.O-O Qc7 10.b3 e5 11.exd5 Nxd5 12.Be4 Be6 13.Bb2 Nf4 14.Bxc6+ Qxc6 15.Qe4
O-O-O 16.Qxc6+ bxc6 17.Ne4 Bd5 18.Neg5 h6 19.c4 hxg5 20.cxd5 f6 21.dxc6 g4
22.c7 Kxc7 23.Bxe5+ fxe5 24.Nxe5 Ne2+ {#R} 0-1

[Event "Ch Czech Republic (juniors) (under 14)"]
[Site "masterchessopen.com – Svetla nad Sazavou (Czech Republic)"]
[Round "7"]
[White "Krejci Jan (CZE)"]
[Black "Mejzlik Vojtech (CZE)"]
[Result "1-0"]
[WhiteElo "1719"]
[BlackElo "2077"]

1.e4 e6 2.d4 d5 3.Nd2 b6 4.Ngf3 Bb7 5.e5 Nd7 6.Bd3 Rc8 7.Nf1 c5 8.c3 Ne7 9.Ng3
Ng6 10.O-O Be7 11.Be3 O-O 12.Qd2 Nb8 13.h3 Ba6 14.Nh2 Bxd3 15.Qxd3 Qd7 16.f4
cxd4 17.cxd4 Nc6 18.a3 Nh8 19.f5 Bh4 20.Nh5 g6 21.Ng4 {#r} 1-0

[Event "Ch Finland (team) 1999/00"]
[Site "masterchessopen.com – Finland"]
[Round "4"]
[White "Turunen Markus (FIN)"]
[Black "Lindqvist Tor-Erik (FIN)"]
[Result "0-1"]
[WhiteElo "2068"]
[BlackElo "2237"]

1.e4 e6 2.d4 d5 3.Nd2 Be7 4.Ngf3 Nf6 5.e5 Nfd7 6.Be2 c5 7.c3 Nc6 8.b3 Qb6
9.Bb2 O-O 10.O-O f6 11.exf6 Bxf6 12.dxc5 Nxc5 13.Qc2 e5 14.b4 Ne6 15.b5 Nf4
16.Nb3 Ne7 17.c4 Qc7 18.Rfc1 Bf5 19.Qd1 d4 20.Ne1 Rad8 21.f3 d3 22.Bf1 d2
23.Nxd2 Qc5+ 24.Kh1 Qf2 {#R} 0-1

[Event "Ch Hessen (juniors) (under 20)"]
[Site "masterchessopen.com – Hessen (Germany)"]
[Round "6"]
[White "Schlein Julia (GER)"]
[Black "Lauer Boris (GER)"]
[Result "1-0"]
[WhiteElo "2119"]
[BlackElo "2034"]

1.e4 e6 2.d4 d5 3.Nd2 g6 4.e5 Bg7 5.Ngf3 Nc6 6.c3 b6 7.Bd3 Nge7 8.Nf1 Bb7
9.Bf4 O-O 10.Qd2 Re8 11.Bh6 Na5 12.Bxg7 Kxg7 13.Ne3 h5 14.g4 hxg4 15.Nxg4 Rh8
16.Nf6 c5 17.O-O-O cxd4 18.Nxd4 Nc4 19.Qg5 Rh6 20.Rhg1 Ng8 21.Bxg6 {#r} 1-0

[Event "It (open)"]
[Site "masterchessopen.com – Krakow (Poland)"]
[Round "0"]
[White "Sutor Marek (POL)"]
[Black "Vysochin Spartak (UKR)"]
[Result "0-1"]
[WhiteElo "2181"]
[BlackElo "2487"]

1.e4 e6 2.d4 d5 3.Nd2 Be7 4.Ngf3 Nf6 5.Bd3 c5 6.e5 Nfd7 7.c3 Nc6 8.b3 f6 9.O-O
fxe5 10.Nxe5 Ndxe5 11.dxe5 Nxe5 12.Qh5+ Nf7 13.Bxh7 Kf8 14.Nf3 Bf6 15.Be3 b6
16.Rac1 e5 17.Rfd1 Be6 18.h4 Qd7 19.Qg6 e4 20.Ng5 Bxg5 21.hxg5 Ne5 22.Qh5 g6
23.Qh2 Qxh7 {#R} 0-1

[Event "Ch Poland (team) (2nd liga)"]
[Site "masterchessopen.com – Polanica Zdroj (Poland)"]
[Round "1"]
[White "Muc Tomasz (POL)"]
[Black "Sycz Waclaw (POL)"]
[Result "1-0"]
[WhiteElo "2256"]
[BlackElo "2050"]

1.e4 e6 2.d4 d5 3.Nd2 a6 4.c3 dxe4 5.Nxe4 Nd7 6.Nf3 Be7 7.Bd3 b6 8.O-O Bb7
9.Qe2 Ngf6 10.Re1 O-O 11.Bd2 Re8 12.Rad1 Nf8 13.Ne5 Nxe4 14.Bxe4 Bxe4 15.Qxe4
Bf6 16.Qc6 Qd6 17.Qxd6 cxd6 18.Nc4 Red8 19.Nxb6 Rab8 20.Na4 Ng6 {#r} 1-0

[Event "Ch World (juniors) (under 20)"]
[Site "masterchessopen.com – Yerevan (Armenia)"]
[Round "6"]
[White "Rizouk Aimen (ALG)"]
[Black "Kose Serkan (TUR)"]
[Result "1-0"]
[WhiteElo "2312"]
[BlackElo "2117"]

1.e4 e6 2.d4 d5 3.Nd2 Be7 4.Bd3 dxe4 5.Nxe4 Nf6 6.Nxf6+ Bxf6 7.Nf3 O-O 8.h4 g6
9.c3 Re8 10.h5 Nd7 11.Qc2 Bg7 12.hxg6 hxg6 13.Bg5 Nf6 14.O-O-O Qe7 15.Ne5 Bd7
16.Rh4 Red8 17.Rf4 Qf8 18.Rxf6 Bxf6 19.Bxf6 Qh6+ 20.Qd2 Qxd2+ 21.Kxd2 {#r} 1-0

[Event "It (open)"]
[Site "masterchessopen.com – Baunatal (Germany)"]
[Round "5"]
[White "Struening Timo (GER)"]
[Black "Kuenitz Michael (GER)"]
[Result "1-0"]
[WhiteElo "1899"]
[BlackElo "1857"]

1.e4 e6 2.d4 d5 3.Nd2 Nc6 4.Ngf3 dxe4 5.Nxe4 Nf6 6.Bd3 Nxd4 7.Nxd4 Nxe4 8.Bxe4
Bc5 9.c3 e5 10.Nf3 Qxd1+ 11.Kxd1 Bxf2 12.Ke2 Bc5 13.Nxe5 O-O 14.Kf3 Re8 15.Bf4
Bd6 16.Rhe1 Bxe5 17.Bxe5 g6 18.Bxc7 f5 19.Bd5+ {#r} 1-0

[Event "Ch Pan-American (juniors) (under 16)"]
[Site "masterchessopen.com – Bento Goncalves (Brazil)"]
[Round "6"]
[White "Etchevers Ignacio (URU)"]
[Black "Pineda Adolfo (CHI)"]
[Result "0-1"]
[WhiteElo "2202"]
[BlackElo "2109"]

1.e4 e6 2.d4 d5 3.Nd2 dxe4 4.Nxe4 b6 5.Nf3 Bb7 6.Ng3 Nd7 7.Bc4 Bd6 8.Qe2 Ngf6
9.O-O O-O 10.Re1 c5 11.c3 Qc7 12.Ne5 Rac8 13.Bb3 cxd4 14.cxd4 Nxe5 15.dxe5 Qc6
16.Qf1 Bb4 17.exf6 Bxe1 18.fxg7 Rfe8 19.Bg5 Bb4 20.h4 Be7 21.Rc1 Qd6 22.Rd1
Qc5 23.Rd7 Bxg5 24.hxg5 Re7 {#R} 0-1

[Event "It (open) \"]
[Site "masterchessopen.com – Budapest (Hungary)"]
[Round "2"]
[White "Csaszar Gyula (HUN)"]
[Black "Goczo Melinda (HUN)"]
[Result "1-0"]
[WhiteElo "2113"]
[BlackElo "2201"]

1.e4 e6 2.d4 d5 3.Nd2 Nc6 4.c3 e5 5.exd5 Qxd5 6.Ngf3 exd4 7.Bc4 Qf5 8.cxd4 Be6
9.O-O O-O-O 10.Bxe6+ Qxe6 11.Nb3 h6 12.Bf4 g5 13.Bg3 Bg7 14.Rc1 Nge7 15.Re1
Qg6 16.Rxe7 {#r} 1-0

[Event "It (open)"]
[Site "masterchessopen.com – Burgos (Spain)"]
[Round "7"]
[White "Prol Nogueira Iago (ESP)"]
[Black "Peric Slavisa (SRB)"]
[Result "0-1"]
[WhiteElo "2072"]
[BlackElo "2304"]

1.e4 e6 2.d4 d5 3.Nd2 Be7 4.Ngf3 c5 5.exd5 exd5 6.dxc5 Bxc5 7.Nb3 Bb6 8.Be2
Ne7 9.O-O Qd6 10.Nbd4 Nbc6 11.Nb5 Qd8 12.Bf4 O-O 13.c3 Ng6 14.Bd6 Re8 15.Ba3
Nf4 16.Bd3 Bg4 17.Nd6 Ne5 18.Qa4 Nxf3+ 19.Kh1 Qg5 20.Nxe8 Bd7 {#R} 0-1

[Event "Ch FEFB (Elite)"]
[Site "masterchessopen.com – Charleroi (Belgium)"]
[Round "1"]
[White "Lanneau Bertrand (BEL)"]
[Black "Laurent Bruno (BEL)"]
[Result "0-1"]
[WhiteElo "2081"]
[BlackElo "2208"]

1.e4 e6 2.d4 d5 3.Nd2 Be7 4.e5 c5 5.c3 Nc6 6.Nb3 f5 7.exf6 Nxf6 8.Nxc5 Bxc5
9.dxc5 O-O 10.Bd3 Qe7 11.Be3 e5 12.Ne2 Ng4 13.Qd2 d4 14.Bc4+ Be6 15.Bxe6+ Qxe6
16.cxd4 exd4 17.Nxd4 Nxd4 18.Qxd4 Rad8 19.Qc3 Rxf2 20.h3 Rdd2 21.hxg4 Rfe2+
22.Kf1 Qf7+ 23.Bf4 Qxf4+ 24.Qf3 Rf2+ {#R} 0-1

[Event "Bayern Landesliga North 2000/01"]
[Site "masterchessopen.com – Germany"]
[Round "6"]
[White "Karasek Christian"]
[Black "Willim Michael (GER)"]
[Result "1-0"]
[WhiteElo "2000"]
[BlackElo "2137"]

1.e4 e6 2.d4 d5 3.Nd2 Be7 4.Ngf3 Nf6 5.Bd3 c5 6.c3 Nc6 7.e5 Nd7 8.O-O g5 9.Nb1
cxd4 10.cxd4 g4 11.Ne1 Qb6 12.Nc2 h5 13.Nc3 Nb4 14.Nxb4 Qxb4 15.Nb5 Qa5 16.Bd2
Qb6 17.Rc1 Rb8 18.Qe1 Qd8 19.Nxa7 O-O 20.Qe3 {#r} 1-0

[Event "Bayern Landesliga North 2000/01"]
[Site "masterchessopen.com – Germany"]
[Round "4"]
[White "Werner Claus (GER)"]
[Black "Willim Michael (GER)"]
[Result "1-0"]
[WhiteElo "2208"]
[BlackElo "2137"]

1.e4 e6 2.d4 d5 3.Nd2 Be7 4.exd5 exd5 5.Bd3 Nf6 6.Ne2 O-O 7.Nf1 Re8 8.Nfg3 c5
9.c3 Nc6 10.O-O Qb6 11.Nf4 cxd4 12.Ngh5 dxc3 13.bxc3 Qa5 14.Nxf6+ Bxf6 15.Qh5
g6 16.Qxd5 Qxc3 17.Rb1 Nb4 18.Qb5 Nxd3 19.Qxe8+ Kg7 20.Rb3 Qxc1 21.Rxc1 Nxc1
22.Rb1 Nxa2 23.Nd5 Bd4 24.Qa4 {#r} 1-0

[Event "It (open)"]
[Site "masterchessopen.com – Kassel (Germany)"]
[Round "4"]
[White "Idrizaj Abedin (GER)"]
[Black "Schildheuer Kai (GER)"]
[Result "1-0"]
[WhiteElo "2242"]
[BlackElo "1896"]

1.e4 e6 2.d4 d5 3.Nd2 Nc6 4.c3 e5 5.exd5 Qxd5 6.Ngf3 exd4 7.Bc4 Qf5 8.cxd4 Be6
9.O-O O-O-O 10.Bxe6+ fxe6 11.Nb3 Nf6 12.Qe2 Bd6 13.Be3 Nd5 14.Rfc1 Ncb4 15.Nc5
c6 16.a3 Nxe3 17.axb4 Bxc5 18.bxc5 Nd5 19.Rxa7 Nf4 20.Qd2 Nd3 21.Rca1 Rhf8
22.Qa5 Rxd4 23.Rxb7 {#r} 1-0

[Event "Ch Switzerland (juniors) (under 20)"]
[Site "masterchessopen.com – Pontresina (Switzerland)"]
[Round "4"]
[White "Roelli Raphael (SUI)"]
[Black "Drozdovskij Yuri (UKR)"]
[Result "0-1"]
[WhiteElo "2074"]
[BlackElo "2421"]

1.e4 e6 2.d4 d5 3.Nd2 a6 4.c3 c5 5.exd5 exd5 6.Ndf3 Nc6 7.Qe2+ Qe7 8.dxc5
Qxe2+ 9.Nxe2 Bxc5 10.Bf4 Nf6 11.Rd1 O-O 12.Ng3 Re8+ 13.Be2 Bg4 14.O-O Nh5
15.Nxh5 Rxe2 16.Rxd5 Bb6 17.Nd2 Ne7 18.Rg5 Bxh5 19.Nc4 Bd8 20.Rxh5 Re4 21.Nd6
Rxf4 22.Nxb7 Bb6 23.a4 Rb8 24.Nc5 g6 25.Re5 Bxc5 {#R} 0-1

[Event "Ch SVR (open)"]
[Site "masterchessopen.com – Reil (Germany)"]
[Round "5"]
[White "Schaefer Friedhelm"]
[Black "Baumann Bettina (GER)"]
[Result "0-1"]
[WhiteElo "1545"]
[BlackElo "1450"]

1.e4 e6 2.d4 d5 3.Nd2 Ne7 4.Ngf3 Ng6 5.c3 Nc6 6.Bd3 Nf4 7.Bc2 Nxg2+ 8.Kf1 Nf4
9.Nb3 Nh3 10.e5 g5 11.Ne1 h5 12.f3 Rg8 13.Kg2 Nf4+ 14.Kf2 f6 15.Bxf4 gxf4
16.Nd3 fxe5 17.Nxe5 Nxe5 18.dxe5 Qh4+ 19.Ke2 Rg2+ 20.Kd3 b6 21.Qe1 Ba6+ 22.c4
dxc4+ 23.Kc3 Qe7 {#R} 0-1

[Event "It (open)"]
[Site "masterchessopen.com – Swidnica (Poland)"]
[Round "3"]
[White "Bochkarev Alexander (UKR)"]
[Black "Kowzan Piotr (POL)"]
[Result "1-0"]
[WhiteElo "2339"]
[BlackElo "2204"]

1.e4 e6 2.d4 d5 3.Nd2 Be7 4.Bd3 c5 5.dxc5 Nc6 6.Ngf3 Nf6 7.O-O Bxc5 8.a3 O-O
9.b4 Be7 10.Bb2 b6 11.Qe2 Bb7 12.Rad1 Qc7 13.e5 Nd7 14.c4 Nd8 15.cxd5 Bxd5
16.Rc1 Qb8 17.Bb5 Qb7 18.Ba6 Qb8 19.Qb5 Bb7 20.Qxd7 Bxa6 21.Rfe1 Bc5 22.bxc5
bxc5 23.Ba1 Nb7 {#r} 1-0

[Event "Ch Tula Region (open)"]
[Site "masterchessopen.com – Tula (Russia)"]
[Round "2"]
[White "Katolikov Oleg (RUS)"]
[Black "Igriashvili Zurab (GEO)"]
[Result "0-1"]
[WhiteElo "2310"]
[BlackElo "2459"]

1.e4 e6 2.d4 d5 3.Nd2 Nc6 4.c3 e5 5.Ngf3 exd4 6.cxd4 dxe4 7.Nxe4 Bb4+ 8.Nc3
Nf6 9.Be2 Ne4 10.Bd2 Nxd2 11.Qxd2 O-O 12.O-O Bg4 13.Rad1 Re8 14.Rfe1 a6 15.d5
Bxf3 16.Bxf3 Ne5 17.Be4 Bd6 18.Bb1 Qh4 19.f4 Bc5+ 20.Kh1 Ng4 21.Rxe8+ Rxe8
22.g3 Qh5 23.Rf1 Qh3 24.Bd3 Re3 {#R} 0-1

[Event "It (open)"]
[Site "masterchessopen.com – Ubeda (Spain)"]
[Round "3"]
[White "Sorokin Maxim (RUS)"]
[Black "Peric Slavisa (SRB)"]
[Result "1-0"]
[WhiteElo "2541"]
[BlackElo "2304"]

1.e4 e6 2.d4 d5 3.Nd2 b6 4.Ngf3 c6 5.c4 Nf6 6.Bd3 dxe4 7.Nxe4 Bb4+ 8.Bd2 Bxd2+
9.Qxd2 O-O 10.O-O-O Nbd7 11.Qf4 Bb7 12.Nxf6+ Nxf6 13.Rhe1 Rc8 14.Re3 c5 15.Ne5
cxd4 16.Rg3 Kh8 17.Bc2 Qe7 18.Qg5 g6 19.Rxd4 Rc7 20.Rh4 Ng8 21.Qxg6 fxg6
22.Nxg6+ Kg7 23.Nxe7+ Kf7 24.Nxg8 {#r} 1-0

[Event "Ch CAVM"]
[Site "masterchessopen.com – Villa Martelli (Argentina)"]
[Round "1"]
[White "Della Morte Pablo (ARG)"]
[Black "Villanueva Matias (ARG)"]
[Result "1-0"]
[WhiteElo "2158"]
[BlackElo "2015"]

1.e4 e6 2.d4 d5 3.Nd2 Be7 4.c3 c5 5.dxc5 Nf6 6.e5 Nfd7 7.f4 g5 8.Ndf3 gxf4
9.Bxf4 Nxc5 10.Nd4 Nc6 11.Ngf3 Bd7 12.Bd3 Qb6 13.Rb1 Nxd4 14.Nxd4 Nxd3+
15.Qxd3 a6 16.Qe3 Bb5 17.Bg5 Rg8 18.Bxe7 Kxe7 19.Nf5+ {#r} 1-0

[Event "Czech League 2000/01 (2nd) (b)"]
[Site "masterchessopen.com – Czech Republic"]
[Round "0"]
[White "Svacina Petr (CZE)"]
[Black "Klakurka Stanislav (CZE)"]
[Result "1-0"]
[WhiteElo "2024"]
[BlackElo "1959"]

1.e4 e6 2.d4 d5 3.Nd2 b6 4.exd5 exd5 5.Bb5+ c6 6.Bd3 Ba6 7.Ndf3 Bxd3 8.Qxd3
Bb4+ 9.c3 Bd6 10.Bg5 f6 11.Bh4 Ne7 12.Ne2 Qc8 13.Bg3 Qc7 14.O-O Nd7 15.Qe3 Kf7
16.Nf4 Nf8 17.Rae1 Nf5 18.Qd3 Nxg3 19.fxg3 Bxf4 20.gxf4 Nd7 21.Qf5 g6 22.Qe6+
Kg7 23.Qe7+ Kh6 24.Ne5 {#r} 1-0

[Event "Oberliga Southwest 2001/02"]
[Site "masterchessopen.com – Germany"]
[Round "0"]
[White "Srokowski Jaroslav (UKR)"]
[Black "Wagener Claude (LUX)"]
[Result "1-0"]
[WhiteElo "2442"]
[BlackElo "2183"]

1.e4 e6 2.d4 d5 3.Nd2 Be7 4.e5 c5 5.Qg4 g5 6.Qh5 Nc6 7.Ndf3 cxd4 8.Nh3 Qc7
9.Nhxg5 Nxe5 10.Bb5+ Bd7 11.Nxe6 Nxf3+ 12.gxf3 Qd6 13.Bxd7+ Kxd7 14.Nxd4 Re8
15.Be3 Qb4+ 16.c3 Qxb2 17.Qxd5+ Kc8 18.O-O Nf6 19.Qc4+ {#r} 1-0

[Event "Ch Hungary (team) 2000/01"]
[Site "masterchessopen.com – Hungary"]
[Round "5"]
[White "Glatt Gabor (HUN)"]
[Black "Jamrich Gyorgy (HUN)"]
[Result "0-1"]
[WhiteElo "2273"]
[BlackElo "2260"]

1.e4 e6 2.d4 d5 3.Nd2 Be7 4.Bd3 Nc6 5.Ngf3 Nb4 6.Be2 dxe4 7.Nxe4 Nf6 8.Nxf6+
Bxf6 9.O-O O-O 10.c3 Nd5 11.c4 Ne7 12.Qd3 Nf5 13.Rd1 Qe7 14.Qe4 Rd8 15.Bf4 c6
16.Rac1 Bd7 17.Bc7 Rdc8 18.Be5 Be8 19.Rc3 Rd8 20.Rb3 a5 21.Bxf6 Qxf6 22.Rxb7
Nd6 {#R} 0-1

[Event "Ch Moscow"]
[Site "masterchessopen.com – Moscow (Russia)"]
[Round "1"]
[White "Losev Dmitry (RUS)"]
[Black "Kurnaev Vladimir (RUS)"]
[Result "1-0"]
[WhiteElo "2406"]
[BlackElo "2112"]

1.e4 e6 2.d4 d5 3.Nd2 Bd7 4.Ngf3 a6 5.exd5 exd5 6.Ne5 Be6 7.Bd3 Nf6 8.O-O Bd6
9.f4 O-O 10.Kh1 Ne8 11.f5 f6 12.fxe6 fxe5 13.dxe5 Rxf1+ 14.Qxf1 Be7 15.Qf7+
Kh8 16.Qh5 {#r} 1-0

[Event "It (open) \"]
[Site "masterchessopen.com – Schwabisch Gmund (Germany)"]
[Round "0"]
[White "Wieser Franz (GER)"]
[Black "Bonnaire Rudolf (GER)"]
[Result "0-1"]
[WhiteElo "1912"]
[BlackElo "2097"]

1.e4 e6 2.d4 d5 3.Nd2 a6 4.Bd3 c5 5.exd5 exd5 6.dxc5 Bxc5 7.Nb3 Bb6 8.Nf3 Nf6
9.O-O O-O 10.h3 Nc6 11.c3 Re8 12.Bg5 h6 13.Bh4 Qd6 14.Bg3 Qxg3 {#R} 0-1

[Event "It (open) \"]
[Site "masterchessopen.com – Villa Martelli (Argentina)"]
[Round "3"]
[White "Maucci Marcelo (ARG)"]
[Black "Mela Benjamin (ARG)"]
[Result "0-1"]
[WhiteElo "1970"]
[BlackElo "2298"]

1.e4 e6 2.d4 d5 3.Nd2 Be7 4.Ngf3 c5 5.exd5 exd5 6.Bb5+ Nc6 7.O-O Nf6 8.Ne5 Qb6
9.c4 O-O 10.Ndf3 Nxd4 11.Nxd4 cxd4 12.Re1 Bd6 13.Nf3 Bg4 14.Qd3 a6 15.Ba4 Qa5
16.Qd1 Bxf3 17.gxf3 dxc4 18.Bd2 Qh5 {#R} 0-1

[Event "Ch Hungary (team) 2001/02 (2 liga)"]
[Site "masterchessopen.com – Hungary"]
[Date "2001.09.30"]
[Round "1"]
[White "Balint Andras (HUN)"]
[Black "Mullner Imre (HUN)"]
[Result "1-0"]
[WhiteElo "2246"]
[BlackElo "2293"]

1.e4 e6 2.d4 d5 3.Nd2 Nc6 4.c3 Nf6 5.e5 Nd7 6.Bd3 Ne7 7.Ne2 c5 8.O-O Qb6 9.Nf3
Nc6 10.Re1 Be7 11.a3 c4 12.Bc2 Nf8 13.Rb1 Na5 14.Ng3 g6 15.Bh6 Bd7 16.Ng5 Nc6
17.Qf3 Nd8 18.Nf1 Bc6 19.Ne3 Bxg5 20.Bxg5 h5 21.Qf6 {#r} 1-0

[Event "Ch Germany (juniors) (team)"]
[Site "masterchessopen.com – Essen (Germany)"]
[Round "7"]
[White "Schnock Stefan (GER)"]
[Black "Trella Thomas (GER)"]
[Result "0-1"]
[WhiteElo "2111"]
[BlackElo "2415"]

1.e4 e6 2.d4 d5 3.Nd2 a6 4.c3 c5 5.exd5 exd5 6.Ngf3 Nc6 7.dxc5 Bxc5 8.Nb3 Bb6
9.Be2 Nf6 10.Bg5 Bxf2+ 11.Kf1 Bb6 12.Bxf6 Qxf6 13.Qxd5 O-O 14.Qg5 Qxg5 15.Nxg5
Bf5 16.Nf3 Rad8 17.h3 Rfe8 18.Re1 Ne5 19.Nxe5 Rxe5 20.g3 Be4 21.Rh2 Rf5+ {#R}
0-1

[Event "Ch France (team) (2) 2001/02"]
[Site "masterchessopen.com – France"]
[Round "6"]
[White "Georgelin Thierry (FRA)"]
[Black "Renaud Olivier (FRA)"]
[Result "1-0"]
[WhiteElo "2107"]
[BlackElo "2096"]

1.e4 e6 2.d4 d5 3.Nd2 Nc6 4.c3 e5 5.dxe5 dxe4 6.Qa4 e3 7.fxe3 Bc5 8.Nb3 Bb6
9.Nf3 Ne7 10.c4 Bd7 11.c5 Na5 12.Qb4 Nec6 13.Qc3 Nxb3 14.axb3 Ba5 15.Rxa5 Nxa5
16.Qxa5 O-O 17.Bc4 b6 18.Qc3 b5 19.Bd3 Bc6 20.O-O b4 21.Qc2 h6 22.Nd4 Bd5
23.Qf2 Bxb3 24.Qf5 g6 25.Qf4 Kg7 {#r} 1-0

[Event "Oberliga East A 2001/02"]
[Site "masterchessopen.com – Germany"]
[Round "9"]
[White "Stolz Mike (GER)"]
[Black "Schmidt Hans-Gert (GER)"]
[Result "1-0"]
[WhiteElo "2361"]
[BlackElo "2072"]

1.e4 e6 2.d4 d5 3.Nd2 Nc6 4.c3 Nf6 5.e5 Nd7 6.Bd3 Ne7 7.Ne2 c5 8.f4 Nc6 9.O-O
Qb6 10.Nf3 Be7 11.Kh1 f6 12.exf6 gxf6 13.Ng3 Nf8 14.f5 Bd7 15.dxc5 Qxc5
16.fxe6 Nxe6 17.Nf5 O-O-O 18.Be3 d4 19.b4 Qxc3 20.Nxe7+ Kb8 21.Nd5 {#r} 1-0

[Event "It (open)"]
[Site "masterchessopen.com – Graz (Austria)"]
[Round "8"]
[White "Butunoi Alexandru (ROM)"]
[Black "Genser Harald (AUT)"]
[Result "1-0"]
[WhiteElo "2404"]
[BlackElo "2265"]

1.e4 e6 2.d4 d5 3.Nd2 Be7 4.e5 c5 5.Qg4 Kf8 6.dxc5 Nc6 7.Ngf3 h5 8.Qf4 g5
9.Qe3 Nh6 10.Bd3 Ng4 11.Qe2 Qc7 12.Nb3 Rg8 13.h4 gxh4 14.Bf4 Bd7 15.Nxh4 Ngxe5
16.Kf1 Qd8 17.Qxh5 Nxd3 18.cxd3 Bf6 19.Nf3 Bxb2 20.Ng5 Rg6 21.Bd6+ Ne7 22.d4
Bb5+ 23.Kg1 Ke8 24.Re1 Bd3 25.Nxe6 {#r} 1-0

[Event "It (open)"]
[Site "masterchessopen.com – Guben (Germany)"]
[Round "1"]
[White "Gensch Manfred (GER)"]
[Black "Skorna Ullrich (GER)"]
[Result "0-1"]
[WhiteElo "1844"]
[BlackElo "2192"]

1.e4 e6 2.d4 d5 3.Nd2 Nc6 4.Bb5 dxe4 5.Nxe4 Qd5 6.Qd3 f5 7.c4 Qxe4+ 8.Qxe4
fxe4 9.d5 exd5 10.cxd5 a6 11.dxc6 axb5 12.cxb7 Bxb7 13.Bf4 Bb4+ 14.Ke2 Nf6
15.Bxc7 Rc8 16.Be5 O-O 17.Bxf6 Rxf6 18.Nh3 Rc2+ {#R} 0-1

[Event "It (open)"]
[Site "masterchessopen.com – Leutersdorf (Germany)"]
[Round "7"]
[White "Sommer Gerald (GER)"]
[Black "Fuchs Oliver (GER)"]
[Result "1-0"]
[WhiteElo "2097"]
[BlackElo "2048"]

1.e4 e6 2.d4 d5 3.Nd2 Nc6 4.c3 e5 5.Bb5 exd4 6.cxd4 Bd7 7.Ne2 Qg5 8.O-O dxe4
9.Qb3 Qg6 10.d5 Ne5 11.Bxd7+ Kxd7 12.Qxb7 Rd8 13.Qxa7 Bd6 14.Qa4+ Kc8 15.Nxe4
Nf3+ 16.Kh1 Nxh2 17.Nxd6+ Rxd6 18.Kxh2 Qh5+ 19.Kg1 Qxe2 20.Bf4 Rg6 21.Rfe1 Ra6
22.Qb4 Qd3 23.Re8+ Kd7 24.Qf8 {#r} 1-0

[Event "It (open)"]
[Site "masterchessopen.com – Linares (Spain)"]
[Round "1"]
[White "Kotronias Vasilios (GRE)"]
[Black "Peric Slavisa (SRB)"]
[Result "1-0"]
[WhiteElo "2573"]
[BlackElo "2266"]

1.e4 e6 2.d4 d5 3.Nd2 b6 4.Ngf3 dxe4 5.Nxe4 Bb7 6.Bb5+ Bc6 7.Bd3 Nd7 8.Qe2 Be7
9.Neg5 Ngf6 10.Nxf7 Bxf3 11.Qxe6 Nf8 12.Nxd8 Nxe6 13.Nxe6 Bxg2 14.Rg1 {#r} 1-0

[Event "It (open)"]
[Site "masterchessopen.com – Ostrava (Czech Republic)"]
[Round "6"]
[White "Vratny Radim (CZE)"]
[Black "Juroszek Radomil (CZE)"]
[Result "1-0"]
[WhiteElo "2137"]
[BlackElo "2008"]

1.e4 e6 2.d4 d5 3.Nd2 a6 4.Ngf3 Nf6 5.e5 Nfd7 6.Bd3 c5 7.c3 Nc6 8.O-O Qb6
9.Re1 cxd4 10.cxd4 Nxd4 11.Nxd4 Qxd4 12.Nf3 Qb6 13.Ng5 Bb4 14.Qf3 Rf8 15.Re2
Qd4 16.Bf4 h6 17.Nxf7 Nc5 18.Bg6 Ke7 19.a3 Ba5 20.Be3 {#r} 1-0

[Event "It (open)"]
[Site "masterchessopen.com – Savaria (Hungary)"]
[Round "9"]
[White "Rendi Eva (ROM)"]
[Black "Szollosi Laszlo Sr (HUN)"]
[Result "1-0"]
[WhiteElo "2135"]
[BlackElo "2255"]

1.e4 e6 2.d4 d5 3.Nd2 Be7 4.Bd3 c5 5.dxc5 Nc6 6.Ngf3 Nf6 7.O-O Bxc5 8.exd5
Qxd5 9.Re1 O-O 10.Ne4 Be7 11.a3 Rd8 12.Qe2 Nd4 13.Qe3 e5 14.Nxd4 Qxd4 15.Qxd4
Rxd4 16.Nc3 Bd7 17.Rxe5 Bd6 18.Re1 Ng4 19.h3 Ne5 20.Be4 Nc4 21.Be3 Nxe3
22.fxe3 Rc4 23.Red1 Be5 24.Rxd7 {#r} 1-0

[Event "It (b)"]
[Site "masterchessopen.com – Selfoss (Iceland)"]
[Round "4"]
[White "Ptacnikova Lenka (ISL)"]
[Black "Thorsteinsson Thorsteinn (ISL)"]
[Result "1-0"]
[WhiteElo "2236"]
[BlackElo "2297"]

1.e4 e6 2.d4 d5 3.Nd2 dxe4 4.Nxe4 Nf6 5.Nxf6+ Qxf6 6.Nf3 h6 7.Bd3 Nc6 8.c3 Bd7
9.Qe2 Bd6 10.Nd2 Qe7 11.Nc4 e5 12.d5 Nd8 13.f4 exf4 14.Nxd6+ cxd6 15.Bxf4
Qxe2+ 16.Kxe2 Bg4+ 17.Kd2 Kd7 18.h3 g5 19.Bg3 Bh5 20.Bf5+ Kc7 21.Rhe1 Bg6
22.Re7+ Kb6 23.Bf2+ Kb5 24.Bd7+ Ka6 25.a4 {#r} 1-0

[Event "Memorial L.Rudenko (w)"]
[Site "masterchessopen.com – St. Petersburg (Russia)"]
[Round "4"]
[White "Kurochka Irina (RUS)"]
[Black "Dushenok Anna (RUS)"]
[Result "0-1"]
[WhiteElo "2140"]
[BlackElo "2193"]

1.e4 e6 2.d4 d5 3.Nd2 Be7 4.Bd3 c5 5.c3 cxd4 6.cxd4 dxe4 7.Nxe4 Nf6 8.Nf3 Nc6
9.a3 O-O 10.Bc2 e5 11.dxe5 Nxe5 12.Qe2 Bg4 13.O-O Nxf3+ 14.gxf3 Bh5 15.Qb5 g6
16.Bh6 Bxf3 17.Nxf6+ Bxf6 18.Bxf8 Qxf8 19.Rfe1 Qc8 20.Qa4 Qh3 21.Re8+ Kg7 {#R}
0-1

[Event "It (open)"]
[Site "masterchessopen.com – Vins du Medoc (France)"]
[Round "4"]
[White "Petitjean Pierre (FRA)"]
[Black "Bex Emmanuel (FRA)"]
[Result "1-0"]
[WhiteElo "2044"]
[BlackElo "1920"]

1.e4 e6 2.d4 d5 3.Nd2 Nc6 4.c3 e5 5.Ngf3 exd4 6.cxd4 dxe4 7.Nxe4 Bb4+ 8.Bd2
Qe7 9.Bd3 f5 10.Bxb4 Nxb4 11.Bb5+ c6 12.Ne5 fxe4 13.Qh5+ Kf8 14.O-O Qe8 15.Qg5
cxb5 16.Rae1 Nf6 17.f3 e3 18.Rxe3 Qd8 19.Rfe1 Qxd4 20.Kh1 Nc6 21.Nxc6 bxc6
22.Re8+ {#r} 1-0